000 00726nam a2200253Ia 4500
003 OSt
005 20220927105306.0
006 a|||||r|||| 00| 0
007 ta
008 220926b |||||||| |||| 00| 0 eng d
020 _a8170418119
024 _a154285
037 _cReference Collections
040 _aRTL
_cRTL
_beng
041 _2eng
_aeng
082 _a"X:54.1(X), N3"
100 _aNAGPAL CS Ed.
_9371433
245 0 _aInternational trade versus less developed countries
260 _aDelhi
_bAnmol publication
_c1993
300 _a"viii, 447 p"
_ccm.
700 _a MITTAL AC
_9371434
942 _h"X:54.1(X), N3"
_cCC
999 _c691622
_d691622